Statistiques concernant Équipes de la MLB

Cliquez ici pour prendre le quiz!

Statistiques générales

  • Ce quiz a été pris 128 fois
  • Le résultat moyen est 19 sur 30

Statistiques - réponses

Réponse% Correct
Cincinnati Reds
93%
New York Yankees
87%
Boston Red Sox
84%
Oakland Athletics
82%
Chicago White Sox
80%
Toronto Blue Jays
78%
Baltimore Orioles
76%
Chicago Cubs
73%
New York Mets
71%
Houston Astros
69%
Los Angeles Dodgers
69%
San Francisco Giants
67%
Atlanta Braves
64%
Seattle Mariners
64%
Tampa Bay Rays
62%
Texas Rangers
62%
Miami Marlins
58%
San Diego Padres
58%
Kansas City Royals
56%
Los Angeles Angels
56%
St. Louis Cardinals
53%
Washington Nationals
53%
Milwaukee Brewers
51%
Minnesota Twins
51%
Arizona Diamondbacks
49%
Cleveland Guardians
47%
Colorado Rockies
44%
Détroit Tigers
44%
Pittsburgh Pirates
42%
Philadelphie Phillies
38%

Distribution des résultats

Percentile par nombre de réponses

% des personnes avec chaque résultat

Votre développement - résultats

Vous n’avez pas pris ce quiz